| 000 | 01245ngm a22004330a 4500 | ||
|---|---|---|---|
| 001 | PT42269 | ||
| 003 | AR-LpoUNG | ||
| 005 | 20210201235934.0 | ||
| 007 | vd cvaizq | ||
| 008 | 191001s2004||||ag |||||||||||||||||spa d | ||
| 037 | _c$3.35 | ||
| 040 |
_aAR-LpoUNG _bspa _cAR-LpoUNG _eaacr |
||
| 041 | _aspa | ||
| 044 | _aag | ||
| 082 | 0 | _a301 237ult | |
| 100 | 1 |
_aRatto, Pablo _edir. |
|
| 245 | 1 | 3 | _aEl último confín |
| 260 |
_aBuenos Aires : _bMambo, _c2004. |
||
| 300 | _aDVD (60 min.) : son., col. | ||
| 505 | 0 | _aGuión: Analía Castro Valsecchi y Pablo Ratto | |
| 520 | _aEl Equipo Argentino de Antropología Forense encuentra y exhuma una fosa común situada en los confines del Cementerio de San Vicente, el mas pobre de los cementerios de la ciudad de Cordoba. | ||
| 650 | 4 | _aANTROPOLOGIA | |
| 650 | 4 | _aANTROPOLOGIA SOCIAL Y CULTURAL | |
| 650 | 4 | _aARGENTINA | |
| 650 | 4 | _aDICTADURA | |
| 650 | 4 | _aGOBIERNO MILITAR | |
| 650 | 4 | _aHISTORIA | |
| 650 | 4 | _aMUERTE | |
| 651 | 4 | _aArgentina | |
| 653 | _aANTROPOLOGIA FORENSE | ||
| 653 | _aCEMENTERIOS | ||
| 653 | _aCINE ARGENTINO | ||
| 653 | _aDESAPARECIDOS | ||
| 653 | _aDOCUMENTALES | ||
| 653 | _aDVD | ||
| 653 | _aVIDEOS | ||
| 905 | _a42269 | ||
| 942 | _cDVD | ||
| 999 |
_c53812 _d53812 |
||